Statistiques concernant Tout les pays ayant gagné l'Euro.

Cliquez ici pour prendre le quiz!

Statistiques générales

  • Ce quiz a été pris 170 fois
  • Le résultat moyen est 6 sur 10

Statistiques - réponses

VictoireDernière victoirePays% Correct
32012Espagne
92%
22000France
85%
22020Italie
85%
12016Portugal
84%
31996Allemagne
79%
12004Grèce
65%
11992Danemark
36%
11988Pays-bas
34%
11976République Tchèque
26%
11960Russie
26%

Distribution des résultats

Percentile par nombre de réponses

% des personnes avec chaque résultat

Votre développement - résultats

Vous n’avez pas pris ce quiz